11 de départ du PSG en Finale de Champion's League - Statistiques

Statistiques générales
  • Ce quiz a été pris 107 fois
  • Le résultat moyen est 14 sur 16
Statistiques - réponses
Numéro Joueurs % Correct
14 Désiré Doué
98%
1 Gianluigi Donnarumma
98%
25 Nuno Mendes
97%
10 Ousmane Dembélé
97%
5 Marquinhos
96%
51 William Pacho
96%
2 Achraf Hakimi
95%
87 Joao Neves
93%
17 VItinha
93%
8 Fabian Ruiz
92%
29 Bradley Barcola
90%
9 Gonçalo Ramos
84%
24 Senny Mayulu
82%
33 Warren Zaïre-Emery
74%
7 Khvicha Kvaratskhelia
68%
21 Lucas Hernandez
60%
Aucun quiz correspondant
Distribution des résultats
% des personnes avec chaque résultat
Percentile par nombre de réponses
Votre historique - résultats
Vous n’avez pas pris ce quiz